Moden Concepts of Mine Surveying (Record no. 5750)

MARC details
000 -LEADER
fixed length control field 00356nam a22001577a 4500
005 - DATE AND TIME OF LATEST TRANSACTION
control field 20210824145443.0
008 - FIXED-LENGTH DATA ELEMENTS--GENERAL INFORMATION
fixed length control field 181006b xxu||||| |||| 00| 0 eng d
041 ## - LANGUAGE CODE
Language code of text/sound track or separate title eng
100 ## - MAIN ENTRY--AUTHOR NAME
Personal name Chand,Alam
245 ## - TITLE STATEMENT
Title Moden Concepts of Mine Surveying
250 ## - EDITION STATEMENT
Edition statement II
260 ## - PUBLICATION, DISTRIBUTION, ETC. (IMPRINT)
Place of publication Dhanbad
Name of publisher Lovely
300 ## - PHYSICAL DESCRIPTION
Number of Pages 179
650 ## - SUBJECT ADDED ENTRY--TOPICAL TERM
Topical Term MINING
942 ## - ADDED ENTRY ELEMENTS (KOHA)
Koha item type Books
Holdings
Lost status Damaged status Collection code Home library Current library Shelving location Date acquired Source of acquisition Cost, normal purchase price Accession Number Koha item type
    MINING JRU Library JRU Library SHELF-88-A 06/10/2018 Purchase 100.00 22464 Books
    MINING JRU Library JRU Library SHELF-88-A 06/10/2018 Purchase 100.00 22465 Books